| 000 | 00329 a2200133 4500 | ||
|---|---|---|---|
| 999 |
_c321398 _d321398 |
||
| 001 | 86325 | ||
| 003 | NUST | ||
| 005 | 20180122133402.0 | ||
| 008 | 180122b xxu||||| |||| 00| 0 eng d | ||
| 020 | _a9693505610 | ||
| 082 | _a891.4393 KHA | ||
| 100 |
_aKhadija Mastoor _99477 |
||
| 245 |
_aAangan _cKhadija Mastoor _hUrdu |
||
| 260 |
_aLahore _bSang-e-Meel Publishers Lahore _c2012 |
||
| 300 | _a318p. | ||
| 942 |
_aAHQ _cBK _k891.4393 KHA _2ddc |
||